La Sartén : (Record no. 116219)

MARC details
000 -LEADER
campo de control de longitud fija 00994nam a2200265 i 4500
001 - NÚMERO DE CONTROL
campo de control 116219
003 - IDENTIFICADOR DE NÚMERO DE CONTROL
campo de control ES-MaACL
005 - FECHA Y HORA DE LA ÚLTIMA TRANSACCIÓN
campo de control 20250915063051.0
007 - CAMPO FIJO DE DESCRIPCIÓN FÍSICA--INFORMACIÓN GENERAL
campo de control de longitud fija t|
008 - DATOS DE LONGITUD FIJA--INFORMACIÓN GENERAL
campo de control de longitud fija 061121s1970 sp r ||||1| spa d
017 ## - NÚMERO DE COPYRIGHT O DE DEPÓSITO LEGAL
Número de copyright o de depósito legal B 34420-1970
Agencia que asigna Oficina Depósito Legal Barcelona
040 ## - FUENTE DE CATALOGACIÓN
Centro/agencia transcriptor ES-MaACL
100 1# - ENTRADA PRINCIPAL--NOMBRE DE PERSONA
Nombre de persona Parker, Anthony
9 (RLIN) 89167
Término indicativo de función/relación Autor
240 ## - TÍTULO UNIFORME
Título uniforme The Frying-Pan
245 13 - MENCIÓN DEL TÍTULO
Título La Sartén :
Resto del título El Sorprendente mundo de Grandon, prisión psiquiátrica /
Mención de responsabilidad, etc. Anthony Parker ; [traducción Carlos Casas].
250 ## - MENCION DE EDICION
Mención de edición [Primera edición].
260 ## - PUBLICACIÓN, DISTRIBUCIÓN, ETC.
Lugar de publicación, distribución, etc. Barcelona [etc.] :
Nombre del editor, distribuidor, etc. Noguer,
Fecha de publicación, distribución, etc. 1970.
300 ## - DESCRIPCIÓN FÍSICA
Extensión 281 páginas ;
Dimensiones 22 cm.
505 8# - NOTA DE CONTENIDO CON FORMATO
Nota de contenido con formato Contiene: La Sartén ; El sorprendente mundo de Grendon, prisión psiquiátrica
700 1# - ENTRADA AGREGADA--NOMBRE PERSONAL
Nombre de persona Casas, Carlos
9 (RLIN) 36188
Término indicativo de función/relación Traductor
852 ## - LOCALIZACIÓN
Ubicación ES-MaACL
Número de control de estantería C-44188
Sublocalización o colección R.75299
itemnumber 120572
Ubicación en estantería Depósito 2
Encuadernación Encuadernación cartoné con sobrecubiertas
942 ## - ELEMENTOS DE ENTRADA SECUNDARIOS (KOHA)
Tipo de ítem Koha Libro impreso
Suprimir en OPAC No
Holdings
Estatus retirado Estado de pérdida Estado de daño No para préstamo Biblioteca de origen Biblioteca actual Ubicación en estantería Fecha de adquisición Fuente de adquisición Total de préstamos Signatura topográfica completa Código de barras Visto por última vez Precio de reemplazo Tipo de ítem Koha
        Biblioteca del Ateneo de Madrid Biblioteca del Ateneo de Madrid Depósito 2 17/01/2008     C-44188 1121194 23/02/2023 23/02/2023 Libro impreso